000 00522nam a2200157 a 4500
008 120416s1988 ||||||||||||||||| || u
050 _aQC 23 Bue
100 _aBueche, Frederick
245 1 0 _aPrinciples of physics. (5th ed.)
250 _a5th ed.
260 _aNew York:
_bMcGraw-Hill
_c1988
300 _axvii, 741p. : ill.
350 _a0.00
650 0 _aPHYSICS
995 _D0.00
_FCBU-MAIN LIBRARY (Kitwe)
_H1
_I50.95
_M1
_ULOST
_ZMain Library Open Access Collection
999 _c54635
_d54635